Life sentence / (Record no. 2619)
[ view plain ]
| 000 -LEADER | |
|---|---|
| fixed length control field | 00913cam a2200301 i 4500 |
| 001 - CONTROL NUMBER | |
| control field | 85114 |
| 003 - CONTROL NUMBER IDENTIFIER | |
| control field | GBCCL |
| 005 - DATE AND TIME OF LATEST TRANSACTION | |
| control field | 20241126110433.0 |
| 008 - FIXED-LENGTH DATA ELEMENTS--GENERAL INFORMATION | |
| fixed length control field | 790724s1979 vauaf 000 0aeng |
| 010 ## - | |
| -- | 79018715 //r812 |
| 020 ## - INTERNATIONAL STANDARD BOOK NUMBER | |
| International Standard Book Number | 0800750594 |
| 035 ## - SYSTEM CONTROL NUMBER | |
| System control number | (OCoLC)05264391 |
| 040 ## - CATALOGING SOURCE | |
| Original cataloging agency | DLC |
| Transcribing agency | DLC |
| Modifying agency | LBB |
| 043 ## - | |
| -- | n-us--- |
| 049 ## - | |
| -- | LBBK |
| -- | LBBA |
| -- | 1-2 |
| -- | LBBC |
| 050 0# - | |
| -- | BX6495.C5687 |
| -- | A34 |
| 082 0# - DEWEY DECIMAL CLASSIFICATION NUMBER | |
| Classification number | 248.2092 |
| -- | 286.132092 |
| -- | B |
| Edition information | 19 |
| Item number | COL |
| 090 ## - LOCALLY ASSIGNED LC-TYPE CALL NUMBER (OCLC); LOCAL CALL NUMBER (RLIN) | |
| Classification number (OCLC) (R) ; Classification number, CALL (RLIN) (NR) | BX6495.C5687 |
| Local cutter number (OCLC) ; Book number/undivided call number, CALL (RLIN) | A34 1979 |
| 100 1# - MAIN ENTRY--PERSONAL NAME | |
| Personal name | Colson, Charles W. |
| 9 (RLIN) | 2098 |
| 245 10 - TITLE STATEMENT | |
| Title | Life sentence / |
| Statement of responsibility, etc. | Charles W. Colson. |
| 260 ## - PUBLICATION, DISTRIBUTION, ETC. | |
| Place of publication, distribution, etc. | Lincoln, Va. : |
| Name of publisher, distributor, etc. | Chosen Books ; |
| Place of publication, distribution, etc. | Waco, Tex. : |
| Name of publisher, distributor, etc. | distributed by Word Books, |
| Date of publication, distribution, etc. | c1979. |
| 300 ## - PHYSICAL DESCRIPTION | |
| Extent | 308 p. : |
| Other physical details | ill. ; |
| Dimensions | 24 cm. |
| 600 10 - SUBJECT ADDED ENTRY--PERSONAL NAME | |
| Personal name | Colson, Charles W. |
| 9 (RLIN) | 2098 |
| 610 20 - SUBJECT ADDED ENTRY--CORPORATE NAME | |
| Corporate name or jurisdiction name as entry element | Prison Fellowship. |
| 9 (RLIN) | 5521 |
| 610 20 - SUBJECT ADDED ENTRY--CORPORATE NAME | |
| Corporate name or jurisdiction name as entry element | Fellowship House. |
| 9 (RLIN) | 5522 |
| 650 #0 - SUBJECT ADDED ENTRY--TOPICAL TERM | |
| Topical term or geographic name entry element | Baptists |
| Geographic subdivision | United States |
| Form subdivision | Biography. |
| 9 (RLIN) | 250 |
| 942 ## - ADDED ENTRY ELEMENTS (KOHA) | |
| Source of classification or shelving scheme | Dewey Decimal Classification |
| Koha item type | Books |
| Withdrawn status | Lost status | Source of classification or shelving scheme | Damaged status | Not for loan | Home library | Current Library | Shelving location | Date acquired | Total checkouts | Full call number | Barcode | Date last seen | Copy number | Price effective from | Koha item type |
|---|---|---|---|---|---|---|---|---|---|---|---|---|---|---|---|
| Dewey Decimal Classification | GRACE BIBLE COLLEGE | GRACE BIBLE COLLEGE | Ministry & Mission | 2017-09-06 | 248.2092 COL | 007717 | 2025-05-01 | c.2 | 2017-09-06 | Books | |||||
| Dewey Decimal Classification | GRACE BIBLE COLLEGE | GRACE BIBLE COLLEGE | Ministry & Mission | 2018-02-19 | 248.2092 COL | 002050 | 2025-05-01 | c.1 | 2018-02-19 | Books | |||||
| Dewey Decimal Classification | GRACE BIBLE COLLEGE | GRACE BIBLE COLLEGE | Ministry & Mission | 2025-06-23 | 248.2092 COL | 020747 | 2025-06-23 | c.3 | 2025-06-23 | Books |